000 00880nam a2200265Ia 4500
005 20220316235546.0
008 121119s1996 ck gr 000 0 spa
020 _a9586440486
041 0 _aspa
082 0 4 _a303.48586136
_bS11d
100 1 _aSaavedra Andrade, Maria del Rosario
245 1 0 _aDesastre y riesgo
_bactores sociales en la reconstrucción de Armero y Chinchiná
_cMaría del Rosario Saavedra Andrade
250 _aPrimera edición
300 _a398 páginas
_c23 cm
650 1 4 _aDesarrollo de la comunidad
_2LEMB
650 1 4 _aDesarrollo social
_2LEMB
650 1 4 _aDesastres naturales
_2LEMB
650 1 4 _aPlanes de desarrollo
_2LEMB
942 _2ddc
_cBK
264 _aBogotá
_bCINEP
_c1996
336 _atexto
_btxt
_2rdacontent
337 _asin mediación
_bn
_2rdamedia
338 _avolumen
_bnc
_2rdacarrier
040 _aCO-BoRNBP
_bspa
_erda
_cCO-BoRNBP
999 _c1355
_d1355